| 000 | 00767cam a22002771 4500 | ||
|---|---|---|---|
| 001 | 5982620 | ||
| 003 | NUST - PNEC | ||
| 005 | 20170116181116.0 | ||
| 008 | 810123m19419999enka 001 0 eng | ||
| 010 | _a 42021888 | ||
| 035 | _a(OCoLC)7080122 | ||
| 040 |
_aDLC _cLIBRARY _dDLC |
||
| 042 | _apremarc | ||
| 050 | 0 | 0 |
_aTS253 _b.H6 |
| 082 | _a621.9 HOU | ||
| 100 | 1 | _aHoughton, Philip Stephen. | |
| 245 | 1 | 0 |
_aPress tool practice, _cby P. S. Houghton. |
| 260 |
_aLondon, _bChapman & Hall, _c1941- |
||
| 300 |
_a v. _btables, diagrs. _c23 cm. |
||
| 650 | 0 | _aSheet-metal work. | |
| 650 | 0 | _aMetal-working machinery. | |
| 650 | 0 | _aPunching machinery. | |
| 650 | 0 | _aMachine-tools. | |
| 906 |
_a7 _bcbc _coclcrpl _du _encip _f19 _gy-gencatlg |
||
| 942 |
_2ddc _cBK |
||
| 999 |
_c69320 _d69320 |
||